00970nam a22002417a 45000010005000000030006000050050017000110080041000280200018000690400029000870820008001161000017001242450042001412600052001833000043002354900031002785050008003095200299003175210030006165210020006466500023006667000039006894851FISKH20241017164846.0241017b cb ||||| |||| 00| 0 eng d a9780194792356 aFISKHbengcFISKHdFISKH a428 aWest, Clare  aLand of my Childhood /cby Clare West aNew York : bOxford University Press ;c1988 .  a87 pages : billustrations ;c21 cm .  aOxford Bookworms vStage 4 aK  aThis series collects stories written in English from around the world. The writers in this volume of stories from India, Pakistan and Sri Lanka are Romesh Gunesekera, M. Athar Tahir, Chitra Divakaruni, Anu Kumar, Anne Ranasinghe, Ruskin Bond, Anita Desai, Vijita Fernando, and Amara Bavani Dev.8 a510 bLexile estimate 8 aK bRaz-Plus  achildhoodvfiction aBassett, Jennifer eSeries Editor